000 00616nam a2200193 i 4500
001 167762
003 ES-MaACL
005 20250716063326.0
008 050928s1824 fr |||| | fre d
100 0 _aVoltaire,
_d1694-1778
_9115721
245 1 0 _aDialogues et entretiens philosophiques /
_cde Voltaire.
260 _aParis :
_bP. Dupont,
_c1824.
300 _a607 p. ;
_c21 cm.
490 1 _aOeuvres complètes de Voltaire ;
_v35
700 1 _aDupont, Paul.
_946109
830 0 _aOeuvres complètes de Voltaire ;
_v35
_9188721
852 _aES-MaACL
_jF-7555
_z- Enc. hol.
999 _c167762
_d167762